000 00607cam a2200193 4500
001 D7205
008 090401t1974 xxu||||| |||| 00| 0 eng d
035 _a(Sirsi) u5878
041 _aeng
050 _a711.026
100 _aMoore, Victor
245 2 _aA guide to the Land Compensation Act 1973
260 _aLondon
_bEstates Gazette
_c1974
300 _a64p
350 _a1.4
520 _aSets out to explain the changes brought about by the legislation affecting land compensation. It's supplementing the fifth edition of Compulsory Purchase and Compensation.
942 _n0
948 _c04/03/1997
999 _c86223
_d86223